000 00436nam a2200157Ia 4500
008 230917s9999||||xx |||||||||||||| ||und||
020 _cPOU2.95
040 _e16004
_aMAIN
041 _aEnglish
082 _a338.6 G293I
100 _aGeorge, Kenneth D
245 0 _aIndustrial organization: competition growth and structural change in Britain
260 _aLondon
_bGeorge Allen and Unwin
_c1971
300 _a215 p.
942 _cBK
999 _c217128
_d217128